| 000 | 00744cam a2200217 a 4500 | ||
|---|---|---|---|
| 008 | 150405s1978 cu 000 0 spa d | ||
| 040 |
_aEG-GiCUC _bspa _cEG-GiCUC |
||
| 050 | 0 | 0 |
_aHQ799.C8 _bC34 1978 |
| 082 | 0 | 0 |
_a305.235097291 _219 |
| 092 | 0 | 4 |
_a305.235097291 _bW92748 1978 _221 |
| 099 |
_a04 _a305.235097291 W92748 1978 |
||
| 100 | 1 |
_aWorld festival of youth and students _n(11th.: _cCuba: _d1978) |
|
| 245 | 1 | 0 | _aXI Festival Cuba 78. |
| 260 |
_aCiudad de La Habana, Cuba : _bComite Organizador, XI Festival Mundial de la Juventud y los Estudiantes, _c1978. |
||
| 300 |
_a256 p.: _bill (Some col.); _c22x22 cm. |
||
| 650 | 0 |
_aYouth _zCuba _vCongresses. |
|
| 902 | _a1 | ||
| 905 |
_aJamal _eCat. |
||
| 905 |
_aJihan _eRev. |
||
| 942 |
_2ddc _cBK |
||
| 999 |
_c138833 _d138833 |
||